Lo que hay que saber / (Record no. 90778)

MARC details
000 -LEADER
campo de control de longitud fija 00653nam a2200181 i 4500
001 - NÚMERO DE CONTROL
campo de control 90778
003 - IDENTIFICADOR DE NÚMERO DE CONTROL
campo de control ES-MaACL
005 - FECHA Y HORA DE LA ÚLTIMA TRANSACCIÓN
campo de control 20230906180547.0
007 - CAMPO FIJO DE DESCRIPCIÓN FÍSICA--INFORMACIÓN GENERAL
campo de control de longitud fija t|
008 - DATOS DE LONGITUD FIJA--INFORMACIÓN GENERAL
campo de control de longitud fija 050124s1963 sp ||||1| spa d
100 1# - ENTRADA PRINCIPAL--NOMBRE DE PERSONA
Nombre de persona Leclercq, Jacques.
9 (RLIN) 71094
245 10 - MENCIÓN DEL TÍTULO
Título Lo que hay que saber /
Mención de responsabilidad, etc. adaptación-selección de la obra de Jacques Leclercq. Valores cristianos para jóvenes campesinos rurales / por José Martín-Poyatos.
260 ## - PUBLICACIÓN, DISTRIBUCIÓN, ETC.
Lugar de publicación, distribución, etc. San Sebastián :
Nombre del editor, distribuidor, etc. Dinor,
Fecha de publicación, distribución, etc. 1963.
300 ## - DESCRIPCIÓN FÍSICA
Extensión 221 p. ;
Dimensiones 17 cm.
700 1# - ENTRADA AGREGADA--NOMBRE PERSONAL
Nombre de persona Martín-Poyatos, José.
9 (RLIN) 77613
740 0# - ENTRADA AGREGADA--TÍTULO RELACIONADO/ANALÍTICO NO CONTROLADO
Título relacionado o analítico no controlado Valores cristianos para jóvenes campesinos rurales.
852 ## - LOCALIZACIÓN
Ubicación ES-MaACL
Número de control de estantería F-3575
Sublocalización o colección R.53791
Holdings
Estatus retirado Estado de pérdida Estado de daño No para préstamo Biblioteca de origen Biblioteca actual Ubicación en estantería Fecha de adquisición Fuente de adquisición Total de préstamos Signatura topográfica completa Código de barras Visto por última vez Precio de reemplazo Tipo de ítem Koha
        Biblioteca del Ateneo de Madrid Biblioteca del Ateneo de Madrid Depósito 2 17/01/2008     F-3575 1094783 23/02/2023 23/02/2023 Libro impreso